| 000 | 00554nam a2200205Ia 4500 | ||
|---|---|---|---|
| 001 | 12924 | ||
| 003 | GE_BSU | ||
| 008 | 181216s||||||||xx |||||||||||||| ||und|| | ||
| 020 | _a139781847563088 | ||
| 040 | _cGE_BSU | ||
| 080 | _a821.111-32 | ||
| 100 | _aForster,Kate. | ||
| 245 | 4 | _aThe Perfect Location.Rehind the celebrity fagade,secrets and scandal lie... | |
| 260 | _aLondon. | ||
| 260 | _bAvon. | ||
| 260 | _c2012 | ||
| 300 | _a385p;20cm. | ||
| 653 | _aThe Perfect Location.Rehind the celebrity fagade,secrets and scandal lie... | ||
| 942 | _cBK | ||
| 999 |
_c46094 _d46094 |
||